<Der> bäuerliche Familienbetrieb, das Leitbild für die Agrarpolitik im vereinten Deutschland?

Posúdenie vhodnosti prenášania agrárnej politiky v západných častiach SRN na nové spolkové krajiny. Porovnanie agrárnych štruktúr a podporovaných a nepodporovaných podnikov v oboch častiach SRN. Premena JRD na kapitálové spoločnosti.

Salvato in:
Dettagli Bibliografici
Autore principale: Kallfass, H.H
Natura: Capitolo di libro
Lingua:tedesco
Soggetti:
Tags: Aggiungi Tag
Nessun Tag, puoi essere il primo ad aggiungerne!!

MARC

LEADER 00000naa a2200000 4500
001 r006744
005 20221130102625.4
041 0 |a ger 
044 |a DE 
245 1 0 |a <Der> bäuerliche Familienbetrieb, das Leitbild für die Agrarpolitik im vereinten Deutschland?  |c H.H. Kallfass 
520 |a Posúdenie vhodnosti prenášania agrárnej politiky v západných častiach SRN na nové spolkové krajiny. Porovnanie agrárnych štruktúr a podporovaných a nepodporovaných podnikov v oboch častiach SRN. Premena JRD na kapitálové spoločnosti. 
610 2 0 |a podnik poľnohospodársky 
610 2 0 |a rodina 
610 2 0 |a Nemecko 
610 2 0 |a JRD 
610 2 0 |a politika poľnohospodárska 
610 2 0 |a spoločnosti finančné 
610 2 0 |a podnik malý 
610 2 0 |a údaje štatistické 
100 1 |a Kallfass, H.H.